Stany i prowincje leżące na Wielkich Równinach na mapie - Statystyki

Ogólne statystyki
  • Ten quiz został rozwiązany 40 razy
  • Średni wynik to 10 z 13
Odpowiedzi na mapie
Odpowiedzi zakodowano w zielono-czerwonej skali na mapie do tego quizu, zgodnie z poniższymi procentami.
 
Statystyki odpowiedzi
Stan/Prowincja % Poprawnych
Teksas
97%
Dakota Północna
94%
Nowy Meksyk
94%
Dakota Południowa
92%
Montana
86%
Kansas
83%
Oklahoma
83%
Kolorado
81%
Wyoming
81%
Nebraska
78%
Alberta
47%
Manitoba
39%
Saskatchewan
33%
Nie znaleziono quizów pasujących do podanych kryteriów
Rozkład punktacji
Procent ludzi z każdym wynikiem
Percentyl według liczby udzielonych odpowiedzi
Twoja historia wyników
Nie rozwiązałeś tego quizu